000 00608nam a2200241Ia 4500
003 OSt
005 20221005052052.0
006 a|||||r|||| 00| 0
007 ta
008 221004b |||||||| |||| 00| 0 eng d
024 _a50625
037 _cTextual
040 _aCRL
_cCRL
_beng
041 _2eng
_aeng
082 _aY:1, K7
100 _aWilliams Raymond
245 0 _aCulture and society 1780-1950
260 _aLondon
_bChatto and Windus UK
_c1967
300 _a363p.
_ccm.
650 _aSOCIOLOGY
942 _hY:1, K7
_cTEXL
_2cc
999 _c959724
_d959724